00716 a2200205 4500999001500000010001400015020002600029035001300055037001500068082000800083100002000091245005700111250001200168260004200180270007900222300002200301500005100323942002700374952010900401 c4755d4755 aENG-86560 a9788178297316c395.00 aEN-70092 bDBAD / PUB a310 aKanji, Gopal K. aHundred (100) statistical tests /cby Gopal K. Kanji a3rd ed. aNew DelhibVistaar Publicationsc2006 aB1/11, Mohan Cooperative Industrial Area, Mathura RoadbNew Delhie110 044 a242pc24cm. (Hb) aIncludes bibliographical references and index adplcEN2ddch310mKAN 001040718NFICaDBADbDBADeDBAD/PUBg395.00l0o310 KANpEN-70093r2008-09-15 00:00:00t1v395.00yEN